00574nam a2200205 a 4500001001300000003000900013005001700022008004100039020001000080082001300090100002400103245007300127260003100200300000900231500003500240505002100275650002500296650002300321700002400344nice12345678IN_TiNIC20260116013358.0050524s1979 bosa grp 000 0 eng  ac55200a291bGOL aGoldenberg, Naomi R aChanging of the Godsb Feminism and the End of Traditional Religions aBostonbBoston Pressc1979 a152p aincludes index and biblioraphy2 aStudent Workbook aComparative Religion aWomen and Religion1 aGoldenberg, Naomi R